| 000 | 02561nam a22002417a 4500 | ||
|---|---|---|---|
| 999 |
_c63499 _d63499 |
||
| 003 | Ge_BSU | ||
| 005 | 20251020155146.0 | ||
| 008 | 251020s2023 ge ||||| |||| 00| 0 geo d | ||
| 020 | _a9789941257230 | ||
| 041 | _ageo | ||
| 080 | _a634.8(479.22)(09):663.2(479.22)(09): 903.23(479.22)(09) 392(=353.1) ნ-16 | ||
| 100 |
_aნადირაძე, ელდარ _926071 |
||
| 245 |
_aვაზი და ღვინო საქართველოში : არქეოლოგიური და ეთნოგრაფიული მონაცემების მიხედვით = The Grapevine and Vine in Georgia : According to Archaelogical and Ethnographie Evidence / _cელდარ ნადირაძე ; თარგმნა ზაალ ზურაბაშვილმა ; ფოტო: მირიან კილაძე, გიორგი ბარისაშვილი, ელდარ ნადირაძე, ლუარსაბ ტოგონიძე ; |
||
| 264 |
_aთბილისი : _bმერიდიანი, _c 2023. |
||
| 300 |
_a200 გვ. : _bფოტ., ილ. ; _c30,5 სმ. |
||
| 500 | _aმომზადდა ღვინის ეროვნული სააგენტოს ქართული ვაზისა და ღვინის კულტურის კვლევის სამეცნიერო პროექტის ფარგლებში. გამოიცა ბ-ნ თენგიზ გავაშელის დახმარებით. | ||
| 546 | _aგარეკანი, თავფურცელი და ტექსტი ქართულ და ინგლისურ ენებზე. | ||
| 653 | _aმევენახეობის ისტორია საქართველოში. მეღვინეობის ისტორია საქართველოში. ქართული არქეოლოგიური კულტურა. ქართველების წეს-ჩვეულებები. | ||
| 653 | _aმევენახეობა | ||
| 700 |
_aზურაბაშვილი, ზაალ _eმთარგმნელი და სხვ. _926072 |
||
| 711 |
_a საქართველოს ეროვნული მუზეუმი, ისტორიისა და ეთნოლოგიის სამეცნიერო-კვლევითი ინსტიტუტი. _926073 |
||
| 942 |
_2udc _cBK |
||